| 000 | 00822nam a22002535a 4500 | ||
|---|---|---|---|
| 005 | 20201128024125.0 | ||
| 008 | 170208s2015 ii a frb 001 0 eng d | ||
| 020 | _a9788122433593 | ||
| 040 |
_aEG-ScBUE _beng _cEG-ScBUE _dEG-ScBUE |
||
| 082 | 0 | 4 |
_222 _a620.00151 _bGUP |
| 100 | 1 |
_938686 _aGupta, Santosh K. _q(Santosh Kumar) |
|
| 245 | 1 | 0 |
_aNumerical methods for engineers / _cSantosh K. Gupta. |
| 250 | _a3rd ed. | ||
| 260 |
_aNew Delhi : _bNew Age International Limited Publishers, _c2015. |
||
| 300 |
_axiii, 340 p. : _bill. ; _c24 cm. |
||
| 490 | 0 | _aNew age | |
| 500 | _aIndex : p. 355-340. | ||
| 504 | _aIncludes bibliographical references. | ||
| 650 | 7 |
_2BUEsh _9465 _aNumerical analysis. |
|
| 650 | 7 |
_93194 _aEngineering mathematics. _2BUEsh |
|
| 651 | _2BUEsh | ||
| 653 |
_bENGGEN _cFebruary2017 |
||
| 942 | _2ddc | ||
| 999 |
_c24093 _d24065 |
||